000 00714nam a2200181Ia 4500
008 100917s9999 xx 000 0 und d
082 _b26367
100 _aदेशपांडे कृ. पं.
245 _aमानवतेच्या कथा पु.1ले (आवृत्ती 1ली)
260 _bजयन्त आणि कंपनी
_c1968
300 _a88
365 _b2.25
520 _aबालविभाग
630 _aमानवतेच्या कथा पु.1ले (आवृत्ती 1ली)
650 _aबालविभाग
730 _aमानवतेच्या कथा पु.1ले (आवृत्ती 1ली)
942 _cBOOK
999 _c631761
_d631758